Análisis químico de alimentos de pearson

Bibliographic Details
Main Authors: Egan, Harold, Kirk, Ronald., Sawyer, Ronald
Format: Section = Libro
Language:Undetermined
Spanish
Published: México Continental 1987
Subjects:
LEADER 00569nam a2200217Ia 4500
008 240829s9999 xx 000 0 und d
020 |a 968-26-0734-5 
040 |a BIBLIOTECA-RUSB/ 664 E28 
041 |a spa 
082 |a 664 E28 
100 1 |a Egan, Harold  
100 1 |b Kirk, Ronald. 
100 1 |c Sawyer, Ronald 
245 1 0 |a Análisis químico de alimentos de pearson 
260 |a México  |b Continental  |c 1987 
300 |a 586 p. :il. 
650 7 |a ANALISIS DE LOS ALIMENTOS 
650 7 |b  QUIMICA DE LOS ALIMENTOS 
942 |c BK  |2 ddc 
991 |a TEXTO 
999 |c 4383